| 000 | 00512nam a2200169 a 4500 | ||
|---|---|---|---|
| 001 | 000016981 | ||
| 005 | 20240320074001.0 | ||
| 008 | 100312s1992 dr 000 0 spa d | ||
| 040 |
_aDO-SdBNP _bspa _cBNPHU |
||
| 082 |
_axxx _bB446d |
||
| 245 | 0 | 0 |
_aDoctor honoris causa / _ceditor Rafael Bello Peguero. |
| 260 |
_aSanto Domingo : _bAmigo del Hogar, _c1992. |
||
| 300 |
_a25 p. ; _c20 cm. |
||
| 500 | _aIncluye notas al pie de páginas | ||
| 700 | 1 |
_aBello Peguero, Rafael, _d1932-2022 _eed. _92405 |
|
| 049 | _aBNPD | ||
| 999 |
_c16511 _d16511 |
||